Normal view
MARC view
Entry Topical Term
001 - CONTROL NUMBER
- control field: 14666
003 - CONTROL NUMBER IDENTIFIER
- control field: BD-RjUL
005 - DATE AND TIME OF LATEST TRANSACTION
- control field: 20241211134321.0
008 - FIXED-LENGTH DATA ELEMENTS
- fixed length control field: 241211|| aca||aabn | a|a d
040 ## - CATALOGING SOURCE
- Original cataloging agency: BD-RjUL
- Transcribing agency: BD-RjUL
150 ## - HEADING--TOPICAL TERM
- Topical term or geographic name entry element: Bacterial Infection
- Form subdivision: Communicable diseases
670 ## - SOURCE DATA FOUND
- Source citation: Work cat.: (BD-RjUL)84527: Kadir, A K M Shafiul 14665, Comparative Evaluation of Effect of Garlic with lime Mouth Rinse and Virgin Coconut oil on Reduction of oral Bacterial Infection Related to Caries Formation on Human Teeth /, 2022